|
|
|
|
| LEADER |
00000nam a22000005a 4500 |
| 001 |
7129 |
| 003 |
CL-ChBUA |
| 005 |
20120815103007.0 |
| 008 |
070301s1992 sp 000 0 spa |
| 020 |
|
|
|a 8420007315
|
| 040 |
|
|
|a CL-ChBUA
|c CL-ChBUA
|
| 082 |
0 |
0 |
|a 664.07
|
| 090 |
|
|
|c 7129
|d 7129
|
| 100 |
1 |
|
|a Ott, Dana.
|
| 245 |
1 |
0 |
|a Manual de laboratorio de ciencia de alimentos
|
| 260 |
|
|
|b Acribia.
|c c1992.
|
| 300 |
|
|
|a vii, 223 p.
|c 23 cm.
|
| 504 |
|
|
|a Indice.
|
| 650 |
|
4 |
|a ALIMENTOS - ANALISIS - MANUAL DE LABORATORIO.
|
| 942 |
|
|
|c LIB
|
| 952 |
|
|
|0 0
|1 0
|4 0
|7 0
|9 10682
|a UNACH
|b UNACH
|c 600
|d 2007-03-05
|i 32.110.
|l 0
|o 664.07 / Ot 89.
|p 11681
|r 2013-05-31 00:00:00
|u 10682
|w 2012-08-08
|y LIB
|k 664.07 / Ot 89.
|
| 999 |
|
|
|c 7129
|d 7129
|